|
|
|
|
| LEADER |
00000nam a22000007a 4500 |
| 005 |
20210906224950.0 |
| 007 |
cr|||| |||| |
| 008 |
210906s2020 co |||||s|||| 00||0 spa d |
| 020 |
|
|
|a 978-958-9348-90-1
|
| 035 |
|
|
|a 35052
|
| 040 |
|
|
|a vLex
|
| 090 |
|
|
|c 12274
|d 12274
|
| 100 |
1 |
|
|a Meja̕ Rodrg̕uez, Sibelys Katina
|
| 245 |
1 |
0 |
|a Cuellos de botella en la administracin̤ judicial
|h [Recurso electrn̤ico] /
|c Sibelys Katina Meja̕ Rodrg̕uez, Juliǹ Daniel Gonzl̀ez Escalln̤
|
| 256 |
|
|
|a Servicio en ln̕ea
|
| 260 |
|
|
|a Bogot:̀
|b Comisin̤ Colombiana de Juristas,
|c 2020
|
| 300 |
|
|
|a 1 recurso electrn̤ico
|
| 500 |
|
|
|a Un caso de estudio en la investigacin̤ y juzgamiento de crm̕enes contra derechos humanos.
|
| 506 |
1 |
|
|a Disponible solo en los productos indicados
|d vLex Global
|d vLex Global (Academic Edition, excluding Law Schools)
|d vLex Global (U.S. Academic Edition, Law Schools)
|d vLex Global (U.S. Academic Edition, excluding Law Schools)
|d vLex Global (Academic Edition, Law Schools)
|
| 650 |
0 |
4 |
|a Derecho Constitucional
|z Colombia
|
| 650 |
0 |
4 |
|a Derecho Internacional
|z Colombia
|
| 700 |
1 |
|
|a Gonzl̀ez Escalln̤, Juliǹ Daniel
|
| 740 |
0 |
|
|a vLex Libros (Servicio en ln̕ea)
|
| 856 |
|
|
|u https://app.vlex.com/#/sources/35052
|z Acceso restringido
|
| 942 |
|
|
|c BOOK
|
| 999 |
0 |
|
|a Constitutional Law
|
| 999 |
0 |
|
|a International Law
|